By the Honourable John Penn, Esquire, lieutenant-governor, and commander in chief, of the province of Pennsylvania ... a proclamation : Whereas by an act of General Assembly ... intituled "An act for the preservation of fish in the rivers Delaware, Susquehanna, and the Lehigh ... Given ... at Philadelphia, the seventh day of October ... one thousand seven hundred and sixty-nine.

Bibliographic Details
Corporate Author: Pennsylvania. Lieutenant Governor (1763-1771 : Penn)
Other Authors: Penn, John, 1729-1795
Format: eBook
Language:English
Series:Early American imprints. Evans (1639-1800) ; no. 41991.
Subjects:
Online Access:Evans Digital Edition

MARC

Tag First Indicator Second Indicator Subfields
LEADER 00000cam a22000001a 4500
001 in00002136136
006 m e d #
007 cr mn mmmmabba
008 870623s1769 pau s s000 0 eng d
005 20260331161538.2
035 |z w031579 
035 |a MAAR8706231901B 
035 |9 mwa91-18216 
035 |a 326371 
035 |a aas03031579 
040 |a MWA  |c MWA  |e bdrb  |d UtOrBLW 
110 1 |a Pennsylvania.  |b Lieutenant Governor (1763-1771 : Penn) 
245 1 0 |a By the Honourable John Penn, Esquire, lieutenant-governor, and commander in chief, of the province of Pennsylvania ... a proclamation :  |b Whereas by an act of General Assembly ... intituled "An act for the preservation of fish in the rivers Delaware, Susquehanna, and the Lehigh ... Given ... at Philadelphia, the seventh day of October ... one thousand seven hundred and sixty-nine. 
264 3 |a Philadelphia :  |b Printed by D. Hall, and W. Sellers,  |c 1769. 
300 |a 1 sheet (1 unnumbered page) 
336 |a text  |b txt  |2 rdacontent 
337 |a computer  |b c  |2 rdamedia 
338 |a online resource  |b cr  |2 rdacarrier 
500 |a Ordering strict observance and enforcement of the act. 
500 |a Signed: John Penn. 
500 |a Royal arms at head of title. 
510 4 |a Bristol  |c B3063 
510 4 |a Shipton & Mooney  |c 41991 
530 |a Microform version available in the Readex Early American Imprints series. 
533 |a Electronic text and image data.  |b [Chester, Vt. :  |c Readex, a division of Newsbank, Inc.,  |d 2002-2004.  |e Includes files in TIFF, GIF and PDF formats with inclusion of keyword searchable text.  |f (Early American imprints. First series ; no. 41991). 
500 |a Electronic resource. 
610 1 0 |a Pennsylvania.  |t Act for the preservation of fish ... 
650 0 |a Wildlife conservation  |x Law and legislation. 
650 0 |a Fish populations  |z Pennsylvania. 
655 7 |a Broadsides.  |2 rbgenr 
700 1 |a Penn, John,  |d 1729-1795. 
752 |a United States  |b Pennsylvania  |d Philadelphia. 
830 0 |a Early American imprints.  |n Series I,  |p Evans (1639-1800) ;  |v no. 41991. 
856 4 1 |u http://proxy.library.tamu.edu/login?url=https://opac.newsbank.com/select/evans/41991  |y Evans Digital Edition  |t 0 
999 |a MARS 
999 f f |s 9a46e79d-2ce9-34ba-8965-a3c6afc6b322  |i e0db7f78-d908-3557-8cfa-7edd649c1779  |t 0 
952 f f |a Texas A&M University  |b College Station  |c Electronic Resources  |s www_evans  |d Available Online  |t 0  |h No information provided 
998 f f |t 0  |l Available Online